Позитивизм в России XIX века
| Autor principal: | |
|---|---|
| Idioma: | rus |
| Publicat: |
Москва, Изд-во МГУ, 1980
|
| Col·lecció: | История. Философия: ИФ |
| Matèries: |
Ковалевский
> Максим Максимович
> М. М.
> российский историк
> 1851-1916
> юрист
> социолог эволюционистского направления
> академик Петербургской АН
Роберти (де Роберти де Кастро де ла Серда)
> Е. В.
> Евгений Валентинович
> российский социолог
> 1843-1915
|
| Format: | Llibre |
| KOHA link: | https://koha.lib.tpu.ru/cgi-bin/koha/opac-detail.pl?biblionumber=19482 |
MARC
| LEADER | 00000nam0a2200000 4500 | ||
|---|---|---|---|
| 001 | 19482 | ||
| 005 | 20231101205258.0 | ||
| 035 | |a (RuTPU)RU\TPU\book\19646 | ||
| 035 | |a BOOK00019716 | ||
| 090 | |a 19482 | ||
| 100 | |a 20011209d1980 km y0rusy50 ca | ||
| 101 | 0 | |a rus | |
| 102 | |a RU | ||
| 105 | |a y z 000zd | ||
| 200 | 1 | |a Позитивизм в России XIX века |f П. С. Шкуринов | |
| 210 | |a Москва |c Изд-во МГУ |d 1980 | ||
| 215 | |a 416 с. | ||
| 225 | 1 | |a История. Философия: ИФ | |
| 600 | 1 | |a Лесевич |b В. В. |g Владимир Викторович |c российский философ |c социолог |f 1837-1905 |2 stltpush |3 (RuTPU)RU\TPU\pers\11274 | |
| 600 | 1 | |a Ковалевский |g Максим Максимович |b М. М. |c российский историк |f 1851-1916 |c юрист |c социолог эволюционистского направления |c академик Петербургской АН |2 stltpui |3 (RuTPU)RU\TPU\pers\1152 | |
| 600 | 1 | |a Роберти (де Роберти де Кастро де ла Серда) |b Е. В. |g Евгений Валентинович |c российский социолог |f 1843-1915 |2 stltpush |3 (RuTPU)RU\TPU\pers\12429 | |
| 600 | 1 | |a Грот |b Н. Я. |g Николай Яковлевич |c российский философ-идеалист |c психолог |f 1852-1899 |2 stltpush |3 (RuTPU)RU\TPU\pers\11281 | |
| 600 | 1 | |a Достоевский |g Федор Михайлович |f 1821-1881 |c русский писатель |b Ф. М. |2 stltpui |3 (RuTPU)RU\TPU\pers\1038 | |
| 600 | 1 | |a Конт |g Огюст |b О. |c французский философ |f 1798-1857 |2 stltpui |3 (RuTPU)RU\TPU\pers\234 | |
| 600 | 1 | |a Толстой |g Лев Николаевич |f 1829-1910 |c граф |c русский писатель |c член-корреспондент, почетный академик Петербургской АН |b Л. Н. |2 stltpui |3 (RuTPU)RU\TPU\pers\497 | |
| 600 | 1 | |a Чернышевский |g Николай Гаврилович |b Н. Г. |c публицист |f 1828-1889 |c литературный критик |c писатель |2 stltpui |3 (RuTPU)RU\TPU\pers\861 | |
| 606 | 1 | |a Позитивизм в России |x История |z 19 в. |2 stltpush |3 (RuTPU)RU\TPU\subj\49968 |9 68728 | |
| 610 | 1 | |a русская философия | |
| 610 | 1 | |a философия | |
| 610 | 1 | |a 19 век | |
| 610 | 1 | |a история | |
| 610 | 1 | |a позитивизм | |
| 686 | |a Ю3(2)46 |v LBC/SL-A |2 rubbk | ||
| 700 | 1 | |a Шкуринов |b П. С. |g Павел Семенович | |
| 801 | 0 | |a RU |b 63413507 |c 20011209 |g PSBO | |
| 801 | 2 | |a RU |b 63413507 |c 20220912 |g PSBO | |
| 942 | |c BK | ||